| 000 | 00751nam a22002417a 4500 | ||
|---|---|---|---|
| 003 | UPN | ||
| 005 | 20230307164023.0 | ||
| 008 | 230307s2022 sp| |||gr|||| 00| 0 spa d | ||
| 020 | _a9788413523002 | ||
| 040 |
_aMX-MxUPN _bspa |
||
| 050 | 4 |
_aHQ801 _bH43 2022 |
|
| 100 | 1 |
_947982 _aHerrera, Coral |
|
| 245 | 1 | 3 |
_aEl contrato amoroso : _bherramientas para mujeres que negocian en la pareja |
| 250 | _aSegunda edición | ||
| 260 |
_aMadrid : _bCatarata, _c2022 |
||
| 300 | _a158 páginas | ||
| 490 | 0 | _aLos libros de la catarata ; | |
| 650 | 7 |
_948114 _aRelaciones de pareja _vManuales |
|
| 650 | 7 |
_948127 _aViolencia contra las mujeres _xPrevención _vManuales |
|
| 902 | _aVíctorGodínez/070323 | ||
| 942 |
_2lcc _cLIBRO |
||
| 999 |
_c209271 _d209271 |
||